[Event "LSS SA-2021-0-00782"]
[Site "LSS email"]
[Date "2021.12.13"]
[Round "?"]
[White "Meissner, Ruediger"]
[Black "Sciarretta, Robert"]
[Result "1/2-1/2"]
[WhiteElo "2148"]
[BlackElo "2128"]
[PlyCount "50"]
[EventDate "2021.11.22"]
[EventType "tourn (corr)"]
[EventRounds "6"]
[EventCountry "GER"]
[SourceTitle "Corr 2024"]
[Source "ChessBase"]
[SourceDate "2023.10.19"]
[SourceVersion "1"]
[SourceVersionDate "2023.10.19"]
[SourceQuality "1"]

1. e4 c5 2. Nf3 d6 3. d4 cxd4 4. Nxd4 Nf6 5. Nc3 a6 6. Bg5 e6 7. f4 Qb6 8. Nb3 Nbd7 9. Qe2 Qc7 10. 0-0-0 Be7 11. g4 b5 12. Bg2 Rb8 13. a3 b4 14. axb4 Rxb4 15. Bh4 0-0 16. Be1 Nc5 17. Nxc5 Qxc5 18. g5 Nd7 19. Qf2 a5 20. Qxc5 Nxc5 21. h4 Bd7 22. Ne2 Ra4 23. Nc3 Rb4 24. Ne2 Ra4 25. Nc3 Rb4 1/2-1/2

[Event "LSS SA-2021-0-00782"]
[Site "LSS email"]
[Date "2021.12.13"]
[Round "?"]
[White "Pilgram, Kurt"]
[Black "Meissner, Ruediger"]
[Result "1/2-1/2"]
[WhiteElo "2163"]
[BlackElo "2148"]
[PlyCount "38"]
[EventDate "2021.11.22"]
[EventType "tourn (corr)"]
[EventRounds "6"]
[EventCountry "GER"]
[SourceTitle "Corr 2024"]
[Source "ChessBase"]
[SourceDate "2023.10.19"]
[SourceVersion "1"]
[SourceVersionDate "2023.10.19"]
[SourceQuality "1"]

1. d4 Nf6 2. c4 e6 3. Nf3 b6 4. g3 Ba6 5. Qa4 Bb7 6. Bg2 c5 7. dxc5 Bxc5 8. 0-0 0-0 9. Nc3 Be7 10. Rd1 Na6 11. Bf4 Nc5 12. Qc2 Qc8 13. Rd4 d5 14. cxd5 Nxd5 15. Nxd5 Bxd5 16. Rc1 Bxa2 17. Ne5 Nb3 18. Rc4 Qa6 19. Rd1 Rac8 1/2-1/2